Twilight saga : (Record no. 9469)

MARC details
000 -LEADER
fixed length control field 00501nam a22001817a 4500
003 - CONTROL NUMBER IDENTIFIER
control field OSt
005 - DATE AND TIME OF LATEST TRANSACTION
control field 20260415082408.0
008 - FIXED-LENGTH DATA ELEMENTS--GENERAL INFORMATION
fixed length control field 260415b |||||||| |||| 00| 0 eng d
020 ## - INTERNATIONAL STANDARD BOOK NUMBER
International Standard Book Number 0-316-16019-9
040 ## - CATALOGING SOURCE
Original cataloging agency DWCL - Main Lib.
Transcribing agency OC
082 ## - DEWEY DECIMAL CLASSIFICATION NUMBER
Classification number F M612 2006
100 ## - MAIN ENTRY--PERSONAL NAME
Personal name Meyer, Stephenie
Relator term Author
245 ## - TITLE STATEMENT
Title Twilight saga :
Remainder of title new moon /
Statement of responsibility, etc. Stephenie Meyer
250 ## - EDITION STATEMENT
Edition statement 1st ed.
260 ## - PUBLICATION, DISTRIBUTION, ETC.
Place of publication, distribution, etc. New York :
Name of publisher, distributor, etc. Little, Brown and Company,
Date of publication, distribution, etc. c2006.
300 ## - PHYSICAL DESCRIPTION
Extent 563 p. ;
Dimensions 21 cm.
942 ## - ADDED ENTRY ELEMENTS (KOHA)
Source of classification or shelving scheme Dewey Decimal Classification
Koha item type Fiction
Suppress in OPAC No
952 ## - LOCATION AND ITEM INFORMATION (KOHA)
--
Holdings
Withdrawn status Lost status Source of classification or shelving scheme Damaged status Not for loan Home library Current library Shelving location Date acquired Source of acquisition Total Checkouts Full call number Barcode Date last seen Copy number Price effective from Koha item type Uniform Resource Identifier
    Dewey Decimal Classification     Junior High School Library Junior High School Library Fiction 12/01/2009 Library Fund   F M612 2006 JHS - 15430 04/15/2026 c1 04/15/2026 FIC.